Anni & Josef Albers (Registro nro. 318799)
[ vista simple ]
| 000 -ENCABEZADO | |
|---|---|
| Número de control [NR] | 01011nam a2200253 a 4500 |
| 005 - FECHA Y HORA DE LA ÚLTIMA TRANSACCIÓN | |
| control field | 20210702092621.0 |
| 008 - DE LONGITUD FIJA DE DATOS DE ELEMENTOS - INFORMACIÓN GENERAL | |
| Elementos de longitud fija [NR] | 120830s2020 enka|||gr|||| 00| 0 eng d |
| 020 ## - NUMERO INTERNACIONAL NORMALIZADO PARA LIBROS [R] | |
| Número Internacional Normalizado del libro [NR] | 9781838661427 |
| 040 ## - FUENTE DE CATALOGACION [NR] | |
| Agencia de catalogación original [NR] | CO-BoUCM |
| Idioma de catalogación [NR] | spa |
| Quien Cataloga | Deissy Garcia |
| Quien Clasifica | Deissy Garcia |
| 041 0# - CODIGO DE IDIOMA [R] | |
| Código de idioma para texto/pista de sonido o título separado [R] | Inglés |
| 100 1# - ASIENTO PRINCIPAL--NOMBRE PERSONAL [NR] | |
| Nombre personal [NR] | Fox Weber, Nicholas |
| ID Autoridad | 103435 |
| 245 10 - MENCION DE TITULO [NR] | |
| Título [NR] | Anni & Josef Albers |
| Parte restante del título [NR] | equal and unequal |
| Mención de responsabilidad, etc. [NR] | Nicholas Fox Weber |
| 260 ## - PUBLICACION, DISTRIBUCION, ETC. (PIE DE IMPRENTA) [R] | |
| Lugar de publicación, distribución, etc. [R] | Londres |
| Nombre del editor, distribuidor, etc. [R] | Phaidon |
| Fecha de publicación, distribución, etc. [R] | 2020 |
| 300 ## - DESCRIPCION FISICA [R] | |
| Extensión [R] | 512 páginas |
| Otros detalles físicos [NR] | ilustraciones |
| 500 ## - NOTA GENERAL [R] | |
| Nota general [NR] | Bibliografía Básica - Facultad de Creación - Pregrado en Artes - Diseño - Arquitectura |
| 504 ## - NOTA DE BIBLIOGRAFIA, ETC. [R] | |
| Nota de bibliografía, etc. [NR] | Incluye referencias bibliográficas e índices |
| 610 10 - ASIENTO SECUNDARIO DE MATERIA - NOMBRE CORPORATIVO [R] | |
| Nombre corporativo o nombre de la jurisdicción como elemento de entrada [NR] | Albers, Josef |
| Fecha de la reunión o firma del tratado [R] | 1888-1976 |
| Subdivisión general [R] | Biografías |
| 9 (RLIN) | 104010 |
| 610 10 - ASIENTO SECUNDARIO DE MATERIA - NOMBRE CORPORATIVO [R] | |
| Nombre corporativo o nombre de la jurisdicción como elemento de entrada [NR] | Albers, Anni, |
| Fecha de la reunión o firma del tratado [R] | 1899-1994 |
| Subdivisión general [R] | Biografías |
| 9 (RLIN) | 104011 |
| 650 #7 - ASIENTO SECUNDARIO DE MATERIA - TERMINO TEMATICO [R] | |
| Término temático o nombre geográfico como elemento de entrada [NR] | Artistas |
| Subdivisión general [R] | Biografías |
| Subdivisión cronológica [R] | Siglo XX |
| Subdivisión geográfica [R] | Alemania |
| 9 (RLIN) | 104012 |
| 650 #0 - ASIENTO SECUNDARIO DE MATERIA - TERMINO TEMATICO [R] | |
| 9 (RLIN) | 28953 |
| Término temático o nombre geográfico como elemento de entrada [NR] | Arte moderno |
| Subdivisión cronológica [R] | Siglo XX |
| 650 #0 - ASIENTO SECUNDARIO DE MATERIA - TERMINO TEMATICO [R] | |
| Término temático o nombre geográfico como elemento de entrada [NR] | Mujeres artistas |
| Subdivisión geográfica [R] | Alemania |
| 9 (RLIN) | 104013 |
| 942 ## - ELEMENTOS DE ENTRADA AGREGADOS (KOHA) | |
| Tipo de ítem principal el descrito en 300a | Libro |
| Sistema de clasificación | DEWEY |
| Tema principal | Biografías |
| Edición | 1 |
| Clasificación | 927.43 |
| Parte restante de la signatura top. | A332 |
| Título oculto en OPAC | No |
| Fecha de último préstamo | Total préstamos | Signatura topográfica | Código de barras | Última vez visto | Ejemplar | Costo de reposición | Price effective from | Tipo de ítem | Perdido | Sistema de clasificación | Dañado | No prestable | Tipo de ítem específico | Suprimido | Ubicación habitual | Ubicación actual | Localización | Fecha de creación | Proveedor | Forma de adquisición | Costo |
|---|---|---|---|---|---|---|---|---|---|---|---|---|---|---|---|---|---|---|---|---|---|
| 09/10/2023 | 1 | 927.43 A332 | 100167497 | 09/12/2025 | Ej.1 | 616938.00 | 03/06/2021 | Libro | DEWEY | Libro | Claustro | Claustro | 2do piso | 03/06/2021 | 157 | Compra | 616938.00 |